|
|
|
|
| LEADER |
00000nam a22000007a 4500 |
| 005 |
20210616220554.0 |
| 007 |
cr|||| |||| |
| 008 |
210616c20149999pe fr|w s|||| 0|||b1spa d |
| 035 |
|
|
|a 33886
|
| 040 |
|
|
|a vLex
|
| 090 |
|
|
|c 11789
|d 11789
|
| 245 |
0 |
0 |
|a Revista Cientf̕ica Horizonte Empresarial
|h [Recurso electrn̤ico] /
|
| 256 |
|
|
|a Servicio en ln̕ea
|
| 300 |
|
|
|a 1 recurso electrn̤ico
|
| 310 |
|
|
|a Semestral
|
| 362 |
|
|
|a Nð 1-1 (Ene. 2014) -
|
| 500 |
|
|
|a Horizonte Empresarial, es la revista cientf̕ica de la Facultad de ciencias Empresariales de la Universidad Seǫr de Sipan, mediante la cual, el Rector Fundador y el Decano de la Facultad apoyan la publicacin̤ del conocimiento generado de la investigacin̤ cientf̕ica de los acadm̌icos de la Facultad de la Universidad y del entorno regional, nacional e internacional. El significativo nombre Horizonte Empresarial, es el que hacer empresarial y gerencial, para el aprovechamiento de la oportunidades actuales que exigen las organizaciones innovadoras y flexibles, constituidas por grupos de personas audaces y comprometidas con el entorno regional y nacional . Tiene como objetivo publicar resultados de investigacin̤ referidas a diferentes r̀eas del conocimiento, especialmente de las Ciencias Sociales, en las ℓreas de administracin̤, contabilidad, turismo y Negocios y Negocios Internacionales y Administracin̤ Pb︢lica.
|
| 506 |
1 |
|
|a Disponible solo en los productos indicados
|d vLex Global
|d vLex Global (Academic Edition, excluding Law Schools)
|d vLex Global (U.S. Academic Edition, Law Schools)
|d vLex Global (U.S. Academic Edition, excluding Law Schools)
|d vLex Global (Academic Edition, Law Schools)
|
| 650 |
0 |
4 |
|a Derecho Mercantil y de la Empresa
|z Per︢
|
| 650 |
0 |
4 |
|a Derecho Pb︢lico y Administrativo
|z Per︢
|
| 740 |
0 |
|
|a vLex Revistas (Servicio en ln̕ea)
|
| 856 |
4 |
0 |
|u https://vlex.com/source/revista-cientifica-horizonte-empresarial-33886
|z Acceso restringido
|
| 942 |
|
|
|c REV
|
| 999 |
0 |
|
|a Commercial and Company Law
|
| 999 |
0 |
|
|a Public and Administrative Law
|